00463nam a2200121Ia 4500008004100000245014700041260003900188260000900227300000700236650002600243650001200269856006000281170516s9999 xx 000 0 und d aRadiological and pathological analysis of LDCT screen detected and surgically resected sub-centimetre lung nodules in 44 asymptomatic patients bEuropean Journal of Radiology Open c2016 a3: xRadiologic Technology xRadtech uhttp://www.sciencedirect.com/science/journal/23520477/3